Personnages historiques Partie IV - Statistiques

Statistiques générales
  • Ce quiz a été pris 25 fois
  • Le résultat moyen est 3 sur 16
Statistiques - réponses
Par images Réponse % Correct
Indira Gandhi
57%
Aliénor d'Aquitaine
38%
Leopold Sedar Senghor
38%
Blaise Pascal
29%
Patrice Lumumba
29%
Hannah Arendt
24%
Michel Foucault
24%
Caravage
19%
Friedrich Engels
19%
Pompée
19%
Pierre le Grand
14%
Yukio Mishima
14%
Alexandre Ier
10%
Corneliu Codreanu
10%
Cixi
5%
Abimael Guzman
0%
Aucun quiz correspondant
Distribution des résultats
% des personnes avec chaque résultat
Percentile par nombre de réponses
Votre historique - résultats
Vous n’avez pas pris ce quiz